LEADER 02250nam 2200517 a 450 001 9910784382303321 005 20230316210123.0 010 $a0-8166-8492-8 035 $a(CKB)1000000000347196 035 $a(EBL)310250 035 $a(OCoLC)476093287 035 $a(SSID)ssj0000232643 035 $a(PQKBManifestationID)11173540 035 $a(PQKBTitleCode)TC0000232643 035 $a(PQKBWorkID)10214852 035 $a(PQKB)11342089 035 $a(MiAaPQ)EBC310250 035 $a(Au-PeEL)EBL310250 035 $a(CaPaEBR)ebr10159376 035 $a(EXLCZ)991000000000347196 100 $a19921103d1993 uy 0 101 0 $aeng 135 $aur|n|---||||| 181 $ctxt$2rdacontent 182 $cc$2rdamedia 183 $acr$2rdacarrier 200 00$aRaptor biomedicine /$fPatrick T. Redig [et al.], editors ; Trudi Hahn, technical editor 210 1$aMinneapolis :$cUniversity of Minnesota Press,$d1993. 215 $a1 online resource (284 pages) $cillustrations 300 $aDescription based upon print version of record. 311 0 $a0-8166-2219-1 320 $aIncludes bibliographical references and index. 327 $apt. 1. Introduction -- pt. 2. Pathology and microbiology -- pt. 3. Surgery and anesthesia -- pt. 4. Medicine and therapeutics -- pt. 5. Environmental toxicity. 330 $aThis state-of-the-art contribution to the field of raptor medicine and biology is an essential resource to all those associated with the care and conservation of raptors. Falconers and managers of captive birds will gain useful information that will promote the understanding and practice of preventive medicine, and field biologists, veterinarians, and rehabilitators will acquire new perspectives on disease and environmental factors that determine the survival of casualty birds and influence of population dynamics of wild raptors. 606 $aBirds of prey$xDiseases 615 0$aBirds of prey$xDiseases. 676 $a639.9/78 701 $aRedig$b Patrick Thomas$01576800 701 $aHahn$b Trudi$01576801 801 0$bMiAaPQ 801 1$bMiAaPQ 801 2$bMiAaPQ 906 $aBOOK 912 $a9910784382303321 996 $aRaptor biomedicine$93854860 997 $aUNINA LEADER 02298oas 2200433z- 450 001 9910149349603321 005 20200513155058.0 035 $a(CKB)9870000000001931 035 $a(EXLCZ)999870000000001931 100 $a20170808cuuuuuuuu -u- - 101 0 $aeng 200 00$aNew Diversities 210 $aMunich, Germany$cMax Planck Institute for the Study of Religious and Ethnic Diversity 300 $aNEW DIVERSITIES is an online journal publishing high quality, peer-reviewed articles concerning multiple forms of diversity. It carries on the work of its predecessors DIVERSITIES and The International Journal on Multicultural Societies (IJMS). Diversities and the IJMS published policy relevant social science research on multiculturalism, and established itself as a successful electronic journal with a broad audience worldwide. It continues in this tradition in presenting new research on different kinds of social difference ? including ethnicity, religion, language, gender, sexuality, disability, social status and age: how these notions are socially constructed, how they unfold in different contexts and how they are addressed in policy and practice. The journal provides a forum for discussion, debate, refinement of social theory and development of key ideas at the nexus of research and policy. Topics and contributors represent the full range of global regions. 300 $aRefereed/Peer-reviewed 311 0 $a2199-8108 606 $acultural difference$9eng$2eurovoc 606 $anational minority$9eng$2eurovoc 606 $asociocultural group$9eng$2eurovoc 606 $asocial adjustment$9eng$2eurovoc 606 $aethnic group$9eng$2eurovoc 606 $aethnic discrimination$9eng$2eurovoc 606 $agender identity$9eng$2eurovoc 606 $agender equality$9eng$2eurovoc 606 $areligion$9eng$2eurovoc 615 7$acultural difference. 615 7$anational minority. 615 7$asociocultural group. 615 7$asocial adjustment. 615 7$aethnic group. 615 7$aethnic discrimination. 615 7$agender identity. 615 7$agender equality. 615 7$areligion. 906 $aJOURNAL 912 $a9910149349603321 996 $aNew Diversities$92836583 997 $aUNINA 999 $aConcerto